Religious America. (Record no. 1843)

MARC details
000 -LEADER
fixed length control field 00811pam a2200277 4500
001 - CONTROL NUMBER
control field 1732926
003 - CONTROL NUMBER IDENTIFIER
control field OSt
005 - DATE AND TIME OF LATEST TRANSACTION
control field 20180921133922.0
008 - FIXED-LENGTH DATA ELEMENTS--GENERAL INFORMATION
fixed length control field 740606s1974 nyua 000 0 eng
010 ## - LIBRARY OF CONGRESS CONTROL NUMBER
LC control number 74011049
020 ## - INTERNATIONAL STANDARD BOOK NUMBER
International Standard Book Number 007022918X
040 ## - CATALOGING SOURCE
Original cataloging agency DLC
Transcribing agency DLC
Modifying agency DLC
043 ## - GEOGRAPHIC AREA CODE
Geographic area code n-us---
050 00 - LIBRARY OF CONGRESS CALL NUMBER
Classification number BR515
Item number .G27
082 00 - DEWEY DECIMAL CLASSIFICATION NUMBER
Classification number 209.73
Item number G2447R
100 1# - MAIN ENTRY--PERSONAL NAME
Personal name Garvin, Philip,
Dates associated with a name 1947-
245 10 - TITLE STATEMENT
Title Religious America.
Statement of responsibility, etc. Photos. by Philip Garvin. Text by Philip Garvin and Julia Welch.
260 ## - PUBLICATION, DISTRIBUTION, ETC.
Place of publication, distribution, etc. [New York]
Name of publisher, distributor, etc. McGraw-Hill
Date of publication, distribution, etc. [1974]
300 ## - PHYSICAL DESCRIPTION
Extent 189 p.
Other physical details illus.
Dimensions 23 x 29 cm.
350 ## - PRICE (NR) (BK AM CF MU VM SE) [OBSOLETE]
Price $12.95
500 ## - GENERAL NOTE
General note includes list of photographs,
651 #0 - SUBJECT ADDED ENTRY--GEOGRAPHIC NAME
Geographic name United States
General subdivision Religious life and customs.
700 1# - ADDED ENTRY--PERSONAL NAME
Personal name Welch, Julia.
906 ## - LOCAL DATA ELEMENT F, LDF (RLIN)
a 7
b cbc
c orignew
d 1
e ocip
f 19
g y-gencatlg
942 ## - ADDED ENTRY ELEMENTS (KOHA)
Source of classification or shelving scheme Dewey Decimal Classification
Koha item type Books
Holdings
Withdrawn status Lost status Source of classification or shelving scheme Damaged status Not for loan Collection code Home library Current library Shelving location Date acquired Total Checkouts Full call number Barcode Date last seen Price effective from Koha item type
    Dewey Decimal Classification     Non-fiction Harvest Mission College Harvest Mission College General Stacks 21.09.2018   209.73 G2447R 003041 21.09.2018 21.09.2018 Books

OPAC Designed and Maintained by HMC Library Team.
Copyright © HMC Library,Greater Noida, UP.
For any Suggestions/Query Contact library via Email:libhmc@gmail.com